Le poids et la masse - Statistiques

Statistiques générales
  • Ce quiz a été pris 141 fois
  • Le résultat moyen est 6 sur 8
Statistiques - réponses
Question Réponse % Correct
En quelle unité s’exprime la masse ? En kilogramme (kg)
84%
Pourquoi pèse-t-on moins sur la Lune que sur la Terre ? Parce que la gravité y est plus faible
83%
Quel instrument permet de mesurer la masse ? Une balance
82%
Quel instrument permet de mesurer le poids ? Un dynamomètre
75%
Le poids est une force qui s’exprime en : Newton (N)
74%
Quelle caractéristique est vraie pour la masse ? Elle reste constante où que l’on soit
69%
Qu’est-ce que la masse d’un objet représente ? La quantité de matière qu’il contient
64%
Quelle est la relation entre la masse et le poids ? Le poids est directement proportionnel à la masse
40%
Aucun quiz correspondant
Distribution des résultats
% des personnes avec chaque résultat
Percentile par nombre de réponses
Votre historique - résultats
Vous n’avez pas pris ce quiz